书目信息 |
| 题名: |
模糊数学:原理及应用
|
|
| 作者: | 杨伦标 , 高英仪 编著 | |
| 分册: | ||
| 出版信息: | 广州 华南理工大学出版社 2000.03 |
|
| 页数: | 422页 | |
| 开本: | 32开 | |
| 丛书名: | ||
| 单 册: | ||
| 中图分类: | O159 | |
| 科图分类: | ||
| 主题词: | 组合数学 , 代数 , 数论 | |
| 电子资源: | ||
| ISBN: | 7-5623-0440-8 | |
| 000 | 00623nam0 2200217 45 | |
| 001 | 00112308 9 | |
| 005 | 20081027112026.20 | |
| 010 | @a7-5623-0440-8@dCNY21.50 | |
| 100 | @a20001123d2000 km y0chiy0120 ea | |
| 101 | 0 | @achi |
| 200 | 1 | @a模糊数学:原理及应用@AMo Hu Shu Xue:Yuan Li Ji Ying Yong@f杨伦标,高英仪编著@FYang Lun Biao,Gao Ying Yi Bian Zhu |
| 210 | @a广州@c华南理工大学出版社@d2000.03 | |
| 215 | @a422页@d32开 | |
| 606 | 0 | @a组合数学 |
| 606 | 0 | @a代数 |
| 606 | 0 | @a数论 |
| 690 | @aO159@v3 | |
| 701 | 0 | @a杨伦标@4编著 |
| 701 | 0 | @a高英仪@4编著 |
| 801 | @aCN@c20081027 | |
| 905 | @b501054-058@dO159@eY063=2@f5 | |
| 模糊数学:原理及应用/杨伦标,高英仪编著.-广州:华南理工大学出版社,2000.03 |
| 422页;32开 |
| ISBN 7-5623-0440-8:CNY21.50 |
| ● |
| 相关链接 |
|
|
|
正题名:模糊数学:原理及应用
索取号:O159/Y063=2
 
预约/预借
| 序号 | 登录号 | 条形码 | 馆藏地/架位号 | 状态 | 备注 |
| 1 | 459756 | 204597560 | 自科二线504/504自科库 48排1列2层/ [索取号:O159/Y063=2] | 在馆 |